000 01247nam a2200337 i 4500
003 EG-GICUC
005 20260121101730.0
008 260115s2003 ua ||||f |||| 00| 0 ara d
017 _a99/16224
040 _a EG-GICUC
_bara
_c EG-GICUC
_d EG-GICUC
_erda
041 _aara
082 0 4 _221
_a345.8
_bأ ن . و
092 0 4 _221
099 _aLaw1 07 345.8 أ ن . و 2 ed - 2003
100 0 _aأنور أحمد رسلان
_eمؤلف.
245 1 0 _aوسيط القضاء الإداري /
_cدكتور أنور أحمد رسلان .
250 _aالطبعة الثانية
264 1 _aالقاهرة :
_bدار النهضة العربية ،
_c2003 .
300 _a776 ؛ صفحة
_c24 سم
_bإيضاحيات، صور، مثيليات ؛
336 _2rda content
_atext
337 _2rda media
_aComputer
338 _2rda carrier
_aOnline Resource
504 _a. 776-753 ببليوجرافيا: صفحات.
504 _aيشتمل على إرجاعات ببليوجرافية
650 1 4 _aالقضاء الإداري ووظائفه
_2qrmak
650 1 4 _aالقانون الإداري
_2qrmak
651 1 _2qrmak
856 4 0 _uhttps://fll.law.cu.edu.eg/fulltext/bks/B07-02996.pdf
905 _a61
942 _2ddc
_cBK
_e21
_n0
999 _c57234
_d57234